Fiction fights the Civil War ; an unfinished chapter in the literary history of the American people.

Bibliographic Details
Main Author: Lively, Robert Alexander, 1922-1973
Format: Book
Language:English
Published: Chapel Hill : University of North Carolina Press, [1957]
Subjects:

MARC

Tag First Indicator Second Indicator Subfields
LEADER 00000cam a22000001 4500
001 in00000021411
005 20151007062314.0
008 730327s1957 ncu b 00000 eng
010 |a  57000068  
035 |a (OCoLC)00269695 
035 |9 AAD4505AM 
040 |a DLC  |c DLC  |d TXA  |d UtOrBLW 
043 |a n-us--- 
049 |a TXAM  |c [276124] 
050 0 0 |a PS374.H5  |b L5 
082 0 |a 813.409 
092 |a 813.09  |b L784f 
100 1 |a Lively, Robert Alexander,  |d 1922-1973. 
245 1 0 |a Fiction fights the Civil War ;  |b an unfinished chapter in the literary history of the American people. 
264 1 |a Chapel Hill :  |b University of North Carolina Press,  |c [1957] 
300 |a 230 pages ;  |c 23 cm. 
336 |a text  |b txt  |2 rdacontent 
337 |a unmediated  |b n  |2 rdamedia 
338 |a volume  |b nc  |2 rdacarrier 
504 |a Bibliography: pages 197-224. 
650 0 |a Historical fiction, American. 
651 0 |a United States  |x History  |y Civil War, 1861-1865  |v Fiction  |x History and criticism. 
999 |a MARS 
999 f f |s 4b3dd3ed-0ce1-32e4-8eee-aa547d87da13  |i 46e11a84-2ed3-3ed8-b5c7-de43986a4434  |t 0 
952 f f |p ric  |a Texas A&M University  |b Rellis Campus  |c Joint Library Facility  |d Remote Storage  |t 0  |e PS374.H5 L5  |h Library of Congress classification  |i unmediated -- volume  |m A14801256790 
998 f f |a PS374.H5 L5  |t 0  |l Remote Storage